| 000 | 00924cad a22001935a 4500 | ||
|---|---|---|---|
| 001 | E154259 | ||
| 008 | 111108s2011 xxk f 000 0 eng d | ||
| 035 | _a(Sirsi) u154259 | ||
| 041 | 0 | _aeng | |
| 110 | 2 |
_aHistoric Scotland _92914 |
|
| 245 | 0 | 0 |
_aGuidelines on the selection, designation and management of Historic Marine Protected Areas _b[consultation] _h[electronic resource] |
| 260 |
_aEdinburgh _bHistoric Scotland _c2011 |
||
| 520 | _aSeeks views on proposed Historic Scotland guidance on the selection, designation, and management of Historic Marine Protected Areas. Deadline for comments is 27 January 2012. | ||
| 590 | _aKA | ||
| 651 | 4 |
_aScotland _y1999- |
|
| 690 | _aPROPERTY-RURAL AND NATURAL ASSETS-MARINE RESOURCES-MARINE RESOURCE MANAGEMENT | ||
| 856 | 4 | 0 |
_uhttps://www.historic-scotland.gov.uk/historicmarineprotectedareas _zViewthe consultation free of charge at www.historic-scotland.gov.uk |
| 942 | _n0 | ||
| 999 |
_c112914 _d112914 |
||